The European cinema reader

Αποθηκεύτηκε σε:
Λεπτομέρειες βιβλιογραφικής εγγραφής
Άλλοι συγγραφείς: Fowler, Catherine 1969- (Επιμελητής έκδοσης)
Μορφή: Βιβλίο
Γλώσσα:English
Δημοσίευση: London : Routledge, 2002
Θέματα:
Ετικέτες: Προσθήκη ετικέτας
Δεν υπάρχουν, Καταχωρήστε ετικέτα πρώτοι!

MARC

LEADER 00000nam a2200000 i 4500
001 1/98843
008 081205s2002 eng d
020 |a 0-415-24091-3 (hbk.) 
035 |l 10102237 
040 |a GR-MY-UA  |b gre  |e aacr 
041 0 |a eng 
082 0 |a 791.43094  |2 (22) 
245 1 4 |a The European cinema reader /  |c edited by Catherine Fowler 
260 |a London :   |b Routledge,   |c 2002 
300 |a xii, 268 σ.;  |b εικ.;  |c 25 εκ. 
504 |a Βιβλιογραφία: σ. [246]-254 
504 |a Ευρετήριο: σ. [255]-268 
650 0 0 |a Motion pictures  |z Europe. 
700 1 |a Fowler, Catherine  |d 1969-  |4 edt 
852 |a INST  |b LESVOS  |e 20081205  |h 791.43094 EUR  |p 005100044158  |q 005100044158  |t BK  |y 0 
901 |a BIBL1-2008-3 
909 |a Λ  |b 154142 
922 |a 1ΕΛΗ  |b 200809  |c ΕΠΕΑΕΚ2/ΠΤΕ  |d ΠΑΠΑΣΩΤΗΡΙΟΥ 
970 |a ΓΙΑΛΑΜΑ  |b ΜΑΡΙΑ  |z 2008/12/05